| 000 | 01531nam a2200469 i 4500 | ||
|---|---|---|---|
| 001 | 31327 | ||
| 003 | KOSZ 005 | ||
| 005 | 20220929081046.0 | ||
| 008 | 980713s1997 pl |000 0 pol | ||
| 015 | _aUWD 1997/596 | ||
| 020 | _a8320810442 | ||
| 035 | _a991004645869705066 | ||
| 035 | _a(PL-WaBN)b11226419-48omnis_nlop | ||
| 035 | _ab11226419 | ||
| 035 | _a(OCoLC)749876762 | ||
| 035 | _a(PL)b0000001122641 | ||
| 035 | _a(EXLNZ-48OMNIS_NETWORK)9910346498805606 | ||
| 040 |
_aWA N _cWA N _dKOSZ 005/HR |
||
| 046 | _k1997 | ||
| 080 | _a339.7 | ||
| 080 | _a(075.8) | ||
| 100 | 1 |
_aGłuchowski, Jan _d(1940- ) _eAutor |
|
| 245 | 1 | 0 |
_aMiędzynarodowe stosunki finansowe / _cJan Głuchowski. |
| 260 |
_aWarszawa : _bPolskie Wydawnictwo Ekonomiczne, _c1997. |
||
| 300 |
_a236, [4] s. ; _c21 cm. |
||
| 336 |
_aTekst _btxt _2rdacontent |
||
| 337 |
_aBez urządzenia pośredniczącego _bn _2rdamedia |
||
| 338 |
_aWolumin _bnc _2rdacarrier |
||
| 380 | _aKsiążki | ||
| 388 | _a1901-2000 | ||
| 388 | _a1989-2000 | ||
| 504 | _aBibliogr. s. 235-[237]. | ||
| 650 | 7 |
_aFinanse _2DBN |
|
| 650 | 7 |
_aPolityka pieniężna _2DBN |
|
| 650 | 7 |
_aRozliczenia międzynarodowe _2DBN |
|
| 655 | 7 |
_aPodręczniki akademickie _2DBN |
|
| 658 | _aGospodarka, ekonomia, finanse | ||
| 710 | 2 |
_aPolskie Wydawnictwo Ekonomiczne _4pbl |
|
| 856 |
_uhttp://koha.tu.koszalin.pl/cgi-bin/koha/opac-detail.pl?biblionumber=31327 _yKatalog online BPK |
||
| 942 |
_2UKD _cKS |
||
| 999 |
_c31327 _d31327 |
||